000 01256nam a2200337 a 4500
001 ebr10017027
003 CaPaEBR
006 m u
007 cr cn|||||||||
008 940722s1995 enk sb 001 0 eng
010 _z 94032685
020 _z0415109507
020 _z0415120756 (pbk.)
040 _aCaPaEBR
_cCaPaEBR
035 _a(OCoLC)179150161
050 1 4 _aBT130
_b.H76 1995eb
082 0 4 _a212
_220
100 1 _aHughes, Gerard J.
245 1 4 _aThe nature of God
_h[electronic resource] /
_cGerard J. Hughes.
260 _aLondon ;
_aNew York :
_bRoutledge,
_c1995.
300 _ax, 219 p.
490 1 _aThe problems of philosophy
504 _aIncludes bibliographical references (p. 212-215) and index.
533 _aElectronic reproduction.
_bPalo Alto, Calif. :
_cebrary,
_d2013.
_nAvailable via World Wide Web.
_nAccess may be limited to ebrary affiliated libraries.
650 0 _aGod
_xAttributes.
650 0 _aGod
_xAttributes
_xHistory of doctrines.
655 7 _aElectronic books.
_2local
710 2 _aebrary, Inc.
830 0 _aProblems of philosophy (Routledge (Firm))
856 4 0 _uhttp://site.ebrary.com/lib/rucke/Doc?id=10017027
_zAn electronic book accessible through the World Wide Web; click to view
999 _c12174
_d12174